دور السياسة المالية في تحقيق الاستقرار المالي في مصر = The Role of Fiscal Policy in Achieving Financial Sustainability in Egypt /

تهتم هذه الدراسة بدور السياسة المالية في تحقيق الاستقرار المالي في مصر من خلال أدوات السياسة المالية المختلفة (الإيرادات والنفقات العامة للدولة) وإدارة الدين العام الداخلي والخارجي، ومن ثم تعظيم الأثار الإيجابية الناجمة عن إدارة الدين العام وتخفيض الأثار السلبية الناجمة عن هذه الإدارة مع إعطاء تقييم...

全面介绍

Saved in:
书目详细资料
主要作者: الحارون، علي السيد علي
企业作者: معهد التخطيط القومي
其他作者: حسين، عبدالفتاح محمد، (مشرف.), عامر، أمل زكريا، (مشرف.), صلاح، محمود محمد عبدالحي، (مشرف.), عبدالغني، صلاح وهيب، (مشرف.)
格式: Thesis 图书
语言:阿拉伯语
出版: القاهرة : معهد التخطيط القومي، 2015.
主题:
标签: 添加标签
没有标签, 成为第一个标记此记录!

MARC

LEADER 00000nam a22000007a 4500
003 INP
005 20210616105535.0
008 171231s2015 ua ||||frm||| 00| 0 ara d
952 |0 0  |1 0  |4 0  |6 332_469620000000000_ع_د  |7 0  |8 THAR  |9 9527  |a INP  |b INP  |c MAIN  |d 2018-05-17  |l 0  |o 332.46962 ع د  |p 011110  |r 2022-03-28 00:00:00  |w 2018-05-17  |y TH  |0 0 
999 |c 3001  |d 3001 
040 |a EG-INP  |b ara  |c EG-INP 
082 0 4 |2 21  |a 332.46962  |b ع د 
100 1 |a الحارون، علي السيد علي. 
245 1 0 |a دور السياسة المالية في تحقيق الاستقرار المالي في مصر =   |b The Role of Fiscal Policy in Achieving Financial Sustainability in Egypt /   |c علي السيد علي الحارون ؛ عبدالفتاح محمد حسين، أمل زكريا عامر، محمود محمد عبدالحي صلاح، صلاح وهيب عبدالغني. 
246 1 1 |a The Role of Fiscal Policy in Achieving Financial Sustainability in Egypt  
260 |a القاهرة :  |b معهد التخطيط القومي،  |c 2015. 
300 |a 158 ص. ؛   |c 24 سم. 
500 |a يشتمل على صفحة عنوان باللغة الانجليزية. 
502 |a أطروحة (ماجستير) . معهد التخطيط القومي. 
520 |a تهتم هذه الدراسة بدور السياسة المالية في تحقيق الاستقرار المالي في مصر من خلال أدوات السياسة المالية المختلفة (الإيرادات والنفقات العامة للدولة) وإدارة الدين العام الداخلي والخارجي، ومن ثم تعظيم الأثار الإيجابية الناجمة عن إدارة الدين العام وتخفيض الأثار السلبية الناجمة عن هذه الإدارة مع إعطاء تقييم لدور السياسة المالية والسياسة النقدية في تحقيق الاستقرار المالي في مصر ووتقييم وضع الاستقرار المالي في مصر. 
650 7 |a النظام النقدى  |2 qrmak  |z مصر 
650 7 |a السياسة المالية  |2 qrmak  |z مصر 
650 7 |a السياسة النقدية  |2 qrmak  |z مصر 
700 1 |a حسين، عبدالفتاح محمد،   |e مشرف. 
700 1 |a عامر، أمل زكريا،   |e مشرف. 
700 1 |a صلاح، محمود محمد عبدالحي،   |e مشرف. 
700 1 |a عبدالغني، صلاح وهيب،   |e مشرف. 
710 2 |a معهد التخطيط القومي. 
901 |a  EGPV5 
902 |a EGPV3 
903 |a original 
942 |2 ddc  |c TH